Plan estratégico de mercadeo para la empresa ARDISA

Presenta un plan estratégico de mercadeo para la empresa ARDISA para el periodo 2010 - 2014, muestra el diagnóstico de la empresa, el análisis de diseño de impresión actual para identificar las exigencias o demandas del mercado y su entorno.

Bibliographic Details
Main Authors: Cuadra Cardenal, Carmen, Rivas Solórzano, Carlos Eduardo
Other Authors: Tutor: Aguilera López, Roberto José
Format: Tesis Section = Libro
Language:Undetermined
Spanish
Published: Managua UNI 2010
Subjects:
LEADER 01106nam a2200265Ia 4500
008 240830s9999 xx 000 0 und d
040 |a BIBLIOTECA-RUPAP Mon 658.8 C961 
041 |a spa 
082 |a Mon 658.8 C961 
100 1 |a Cuadra Cardenal, Carmen 
100 1 |b  Rivas Solórzano, Carlos Eduardo 
245 1 0 |a Plan estratégico de mercadeo para la empresa ARDISA 
260 |a Managua  |b UNI  |c 2010 
300 |a 148 p. :il. 
500 |a Contiene: anexos e Incluye: CD. 
502 |a Tesis (Ingeniero de Sistemas)- UNI, 2010. 
520 3 |a Presenta un plan estratégico de mercadeo para la empresa ARDISA para el periodo 2010 - 2014, muestra el diagnóstico de la empresa, el análisis de diseño de impresión actual para identificar las exigencias o demandas del mercado y su entorno. 
650 7 |a MERCADEO DE SERVICIOS - ARTES GRÁFICAS E IMPRESIÓN 
650 7 |b ADMINISTRACIÓN DE MERCADEO 
650 7 |c MERCADEO - COSTOS 
650 7 |d PUBLICIDAD COMERCIAL ARTISTICA IMPRESA 
700 1 |a Tutor:  |b Aguilera López, Roberto José 
942 |c BK  |2 ddc 
991 |a TESIS 
999 |c 17625